000
00240nam a2200097Ia 4500
001
697889
005
20250826162040.0
008
250824s9999 xx 000 0 und d
245
0
_a
YÜZÜNCÜ AD
_c
AMIN MAALOUF
260
_b
YAPI KREDİ YAYINLARI
999
_c
697889
_d
697889